|
|
|
|
| LEADER |
00608cam a2200193 7i4500 |
| 001 |
0000005175 |
| 005 |
20191017090000.0 |
| 020 |
|
|
|a 0766859363 (hbk.)
|
| 020 |
|
|
|a 9780766859364 (hbk.)
|
| 090 |
0 |
0 |
|a TH5313
|b .K74 2003
|
| 100 |
1 |
|
|a Kreh, Richard T
|
| 245 |
1 |
0 |
|a Masonry skills
|c Richard T. Kreh, Sr.
|
| 250 |
|
|
|a 5th ed.
|
| 260 |
|
|
|a Australia:
|b Thomson/Delmar Learning,
|c 2003.
|
| 300 |
|
|
|a xi, 626 p.:
|b ill.;
|c 25 cm.
|
| 500 |
|
|
|a Includes index
|
| 650 |
0 |
0 |
|a Masonry
|
| 997 |
|
|
|a Engineering & Life Sciences, Faculty
|b Engineering, Department
|
| 999 |
|
|
|a 0000005980
|b BOK
|c OPEN SHELF
|e 2nd Floor, Bestari Jaya
|